[Event "Challenge"]
[Site "http://www.queenalice.com/game.php?id=454753"]
[Date "2008.8.28"]
[Round "-"]
[White "barreiro"]
[Black "Mickwait"]
[Result "1-0"]
[WhiteElo "1110"]
[BlackElo "1369"]

1. e4 e5 2. Qf3 Nc6 3. Nc3 Nf6 4. Bc4 Qe7 5. d3 h6 6. Be3 a6 7. O-O-O b5 8. Bb3
d6 9. Kb1 Be6 10. h4 Bg4 11. Qg3 Bxd1 12. Nxd1 Nd4 13. Nc3 c6 14. f3 a5 15. f4
Nxb3 16. cxb3 b4 17. Na4 c5 18. Nb6 Rb8 19. Nd5 Nxd5 20. exd5 g6 21. Nf3 Bg7 22.
fxe5 Bxe5 23. Nxe5 Qxe5 24. Qxe5+ dxe5 25. Bxc5 Kd7 26. Re1 f6 27. d4 Rhe8 28.
dxe5 Rxe5 29. Be3 Rbe8 30. Rd1 Rxe3 31. a3 Re1 32. Kc1 Rxd1+ 33. Kxd1 bxa3 34.
bxa3 Kd6 35. b4 1-0

[Event "Challenge"]
[Site "http://www.queenalice.com/game.php?id=457473"]
[Date "2008.9.3"]
[Round "-"]
[White "barreiro"]
[Black "stephancharette"]
[Result "0-1"]
[WhiteElo "964"]
[BlackElo "1297"]

1. e4 d5 2. exd5 Qxd5 3. d3 e6 4. c3 Nf6 5. Qa4+ c6 6. c4 Qe5+ 7. Be2 Nbd7 8.
Nf3 Qd6 9. Ng5 Qe5 10. f4 Qd6 11. Rf1 g6 12. Rf3 Ng4 13. Rh3 Nh6 14. d4 Qxd4 15.
Rd3 Qg1+ 16. Bf1 Qxh2 17. Nc3 Qh4+ 18. g3 Qh5 19. b3 Nc5 20. Qa5 Nxd3+ 21. Kd2
Nxc1 22. Rxc1 Be7 23. Kc2 Qh2+ 24. Kb1 Qxg3 25. Rd1 Qxf4 26. Nh3 Qf5+ 27. Kb2
Qxa5 28. a3 Bxa3+ 29. Kc2 Bd7 30. Ne4 Qf5 31. Re1 b5 32. cxb5 cxb5 33. Kc3 Rc8+
34. Kd2 a6 35. Nhg5 Bb4+ 36. Nc3 Qxg5+ 37. Kc2 Rxc3+ 38. Kb2 Qd2+ 39. Kb1 Qxe1+
40. Kb2 Qc1+ 41. Ka2 Rc2# 0-1

[Event "Salvesen"]
[Site "http://www.queenalice.com/game.php?id=461034"]
[Date "2008.9.10"]
[Round "2"]
[White "barreiro"]
[Black "holeripla"]
[Result "0-1"]
[WhiteElo "958"]
[BlackElo "1284"]

1. e4 Nf6 2. Bc4 e6 3. Nf3 Qe7 4. Ne5 Nxe4 5. d3 d6 6. dxe4 dxe5 7. Bb5+ c6 8.
Ba4 Qb4+ 9. Nc3 Bc5 10. Qg4 O-O 11. O-O Nd7 12. a3 Qd4 13. Be3 Qd6 14. Bg5 b5
15. Bb3 b4 16. Na4 f6 17. Be3 Ba6 18. Nxc5 Nxc5 19. a4 Bxf1 20. Rxf1 a6 21. f4
Nxb3 22. Rf3 Qd1+ 23. Kf2 Qxc2+ 24. Kg1 Rad8 25. h3 Qxe4 26. Rg3 Rf7 27. Qh5
Rdd7 28. Rg4 f5 29. Rh4 Qxe3+ 30. Kh1 g6 31. Qh6 Rd1+ 32. Kh2 Nd2 33. Qg5 Nf1+
34. Kh1 Ng3+ 35. Kh2 Rh1# 0-1

[Event "Challenge"]
[Site "http://www.queenalice.com/game.php?id=462318"]
[Date "2008.9.12"]
[Round "-"]
[White "barreiro"]
[Black "stephancharette"]
[Result "1-0"]
[WhiteElo "968"]
[BlackElo "1330"]

1. e4 e5 2. Bc4 d6 3. Qf3 Be6 4. Bb5+ Nd7 5. d3 Qf6 6. Qe3 b6 7. Nc3 O-O-O 8.
Bd2 Be7 9. O-O-O Qg6 10. d4 Qxg2 11. Nf3 Qh3 12. dxe5 dxe5 13. Qd3 Kb8 14. Rhf1
Nc5 15. Qe2 Nf6 16. Ng5 Qxh2 17. Nxf7 Bxf7 18. Rh1 Qg2 19. Rdg1 Qxh1 20. Rxh1 h6
21. Rh3 Be6 22. Re3 Rhf8 23. Nd1 Ng4 24. Ra3 Nf6 25. Qe3 Ncxe4 26. Ra4 Rxd2 27.
b4 Rfd8 28. Qa3 Rxd1+ 29. Kb2 Bd5 30. Rxa7 Nd6 31. Qa6 Bb7 32. Rxb7+ Nxb7 33.
Bc6 1-0

[Event "chessmaster"]
[Site "http://www.queenalice.com/game.php?id=466430"]
[Date "2008.9.21"]
[Round "-"]
[White "coleti"]
[Black "barreiro"]
[Result "0-1"]
[WhiteElo "1041"]
[BlackElo "1028"]

1. e4 Nf6 2. Nc3 e5 3. Nf3 Bc5 4. Nxe5 Qe7 5. d4 Bb4 6. a3 Ba5 7. Qe2 d6 8. Nc4
Nxe4 9. Bd2 Bxc3 10. bxc3 O-O 0-1

[Event "chessmaster"]
[Site "http://www.queenalice.com/game.php?id=466431"]
[Date "2008.9.21"]
[Round "-"]
[White "coleti"]
[Black "barreiro"]
[Result "0-1"]
[WhiteElo "903"]
[BlackElo "1045"]

1. e4 Nc6 2. d4 Nb4 3. Bc4 Nf6 4. e5 Nh5 5. Bb3 e6 6. Qxh5 g6 7. Qh3 d6 8. c3
Nc6 9. exd6 e5 10. dxc7 Bxh3 0-1

[Event "Challenge"]
[Site "http://www.queenalice.com/game.php?id=469200"]
[Date "2008.9.27"]
[Round "-"]
[White "Al_Bundy"]
[Black "barreiro"]
[Result "1-0"]
[WhiteElo "1326"]
[BlackElo "1055"]

1. e4 e5 2. Nf3 d6 3. Nc3 Nf6 4. Bc4 Qd7 5. Ng5 d5 6. Nxd5 Bc5 7. Nxf6+ gxf6 8.
Nxf7 Rg8 9. Nd6+ Qxd6 10. Bxg8 f5 11. Qh5+ Kd8 12. Bxh7 fxe4 13. Bxe4 Qf6 14.
O-O b5 15. Bxa8 b4 16. d4 Bxd4 17. Bg5 Qxg5 18. Qxg5+ Kd7 19. Rad1 Ba6 20. Rxd4+
Ke6 21. Re1 e4 22. Rexe4+ Kf7 23. Bd5+ Kf8 24. Qe7# 1-0

[Event "Challenge"]
[Site "http://www.queenalice.com/game.php?id=470429"]
[Date "2008.9.29"]
[Round "-"]
[White "gustavo25"]
[Black "barreiro"]
[Result "0-1"]
[WhiteElo "1281"]
[BlackElo "1055"]

1. e4 e5 2. Bc4 Nf6 3. Nc3 d6 4. a4 Ng4 5. Nd5 c6 6. Ne3 d5 7. Ba2 h5 8. Qf3 Qa5
9. Bb3 Be7 10. Nf5 g6 11. Ng3 dxe4 12. Qxe4 Qc5 13. d4 exd4 14. h3 Nf6 15. Qe2
O-O 16. Qd1 h4 17. N3e2 Bf5 18. a5 Ne4 19. Nxd4 Bd7 20. Qe2 Qxd4 21. Qe3 Qxe3+
22. Bxe3 c5 23. Bd5 Na6 24. Bxe4 Bb5 25. b3 Rad8 26. c4 Bd7 27. Bxb7 Nb4 28. g3
Nc2+ 29. Kd2 Nxa1 30. gxh4 Bxh4 31. Nf3 Nxb3+ 32. Kc3 Nxa5 33. Bd5 Bf6+ 34. Kd2
Rb8 35. h4 Rb2+ 36. Kd3 Bf5+ 37. Be4 Bxe4+ 38. Kxe4 Re8+ 39. Kf4 Nxc4 40. Kg3
Nxe3 41. Re1 Be7 42. Rxe3 Bd6+ 43. Re5 Bxe5+ 44. Kg2 Bf4 45. Kf1 Ree2 46. Ng1
Rxf2+ 47. Ke1 Be3 48. h5 Rb1# 0-1

[Event "Challenge"]
[Site "http://www.queenalice.com/game.php?id=472051"]
[Date "2008.10.3"]
[Round "-"]
[White "barreiro"]
[Black "sebastiam"]
[Result "0-1"]
[WhiteElo "1055"]
[BlackElo "1677"]

1. e4 e6 2. Qf3 b5 3. Nh3 f6 4. Bxb5 Bb7 5. Nc3 f5 6. exf5 Bxf3 7. gxf3 a6 8.
Ba4 Qf6 9. d3 Qxf5 10. Ng5 Qe5+ 11. Ne2 Bb4+ 12. c3 Bc5 13. d4 Qf5 14. dxc5 Nf6
15. O-O O-O 16. Rd1 a5 17. b3 Na6 18. c6 dxc6 19. Bxc6 Rad8 20. Re1 Qc2 21. Ba3
Nh5 22. Bxf8 Qf5 23. Ba3 Nf4 24. Ng3 Qxg5 25. Bb5 Rd2 26. Bxa6 Nh3+ 27. Kf1
Rxf2# 0-1

[Event "II REVANCHE"]
[Site "http://www.queenalice.com/game.php?id=474628"]
[Date "2008.10.8"]
[Round "-"]
[White "sebastiam"]
[Black "barreiro"]
[Result "0-1"]
[WhiteElo "1594"]
[BlackElo "1080"]

1. e3 Nf6 2. Nh3 Ng4 3. Qxg4 d5 4. Qa4+ c6 5. b4 e5 6. b5 g5 7. Bb2 f6 8. bxc6
bxc6 9. Be2 Bc5 10. Bh5+ Kf8 11. O-O Rg8 12. f4 gxf4 13. Nc3 Qe7 14. Ba3 Bxa3
15. Rfe1 Qg7 16. Qxa3+ c5 17. Re2 f3 18. Qxc5+ Qe7 19. Qxc8+ Kg7 20. Qf5 fxe2
21. Nxd5 Qd6 22. Ng5 Qxd5 23. Nxh7 Qxd2 24. Qg6+ Kh8 25. Qxf6+ Rg7 26. Bxe2 Qxe2
27. Rf1 Qxg2# 0-1

[Event "Mesa de prueba 2"]
[Site "http://www.queenalice.com/game.php?id=481999"]
[Date "2008.10.23"]
[Round "3"]
[White "Denny"]
[Black "barreiro"]
[Result "1-0"]
[WhiteElo "1462"]
[BlackElo "1136"]

1. e4 Nf6 2. d4 Nxe4 3. f3 Nf6 4. Bc4 e6 5. f4 d6 6. g4 Ne4 7. Bd3 d5 8. Nc3 e5
9. fxe5 Nxc3 10. bxc3 Qe7 11. Nf3 Bxg4 12. h3 Bh5 13. Bb5+ c6 14. Ba4 f6 15. O-O
fxe5 16. Qd3 exd4 17. Re1 Bxf3 18. Rxe7+ Kxe7 19. Bg5+ Ke8 20. Re1+ Kd7 21. Qxf3
1-0

[Event "anthony"]
[Site "http://www.queenalice.com/game.php?id=592083"]
[Date "2009.5.22"]
[Round "-"]
[White "barreiro"]
[Black "Thai"]
[Result "0-1"]
[WhiteElo "1127"]
[BlackElo "1459"]

1. a4 Nf6 2. c4 e5 3. e4 d6 4. h3 Na6 5. g4 b6 6. b3 Bb7 7. d3 d5 8. exd5 Nc5 9.
Nf3 Be7 10. Nxe5 O-O 11. h4 Qd6 12. d4 Nfe4 13. f3 Ng3 14. Rg1 Bxh4 15. Bf4
Nxf1+ 16. Ke2 Ng3+ 17. Kf2 f6 18. Nd3 Qe7 19. dxc5 Ne2+ 20. Bg3 Nxg1 21. Kxg1
Bxg3 22. Nc3 bxc5 23. Kg2 Be5 24. Nb5 Bxa1 25. Nxc5 Qxc5 0-1

[Event "Challenge"]
[Site "http://www.queenalice.com/game.php?id=592100"]
[Date "2009.5.22"]
[Round "-"]
[White "barreiro"]
[Black "holeripla"]
[Result "0-1"]
[WhiteElo "1114"]
[BlackElo "1323"]

1. Nf3 e6 2. a4 Nc6 3. Ng5 Qxg5 4. g3 Bd6 5. f4 Qf6 6. h4 e5 7. Nc3 Nb4 8. Nb5
Rb8 9. c3 Nd5 10. c4 Nde7 11. Nxa7 exf4 12. gxf4 Qxf4 13. e3 Qg3+ 0-1

[Event "EL contraatque"]
[Site "http://www.queenalice.com/game.php?id=592298"]
[Date "2009.5.22"]
[Round "-"]
[White "Nabuck"]
[Black "barreiro"]
[Result "1-0"]
[WhiteElo "1413"]
[BlackElo "1114"]

1. Nf3 Nc6 2. Nc3 b5 3. Nxb5 Ba6 4. Nc3 g5 5. Nxg5 f6 6. Nge4 Bh6 7. e3 Nb4 8.
a3 Nc6 9. Qh5+ Kf8 10. Bc4 Ne5 11. d4 Nxc4 12. Ng3 d5 13. Nxd5 Bb5 14. e4 Qd7
15. Nf5 c6 16. Bxh6+ 1-0